| 000 | 01251nmm a2200361 a 4500 | ||
|---|---|---|---|
| 001 | ocm0002347850 | ||
| 003 | TR-IsHL | ||
| 005 | 20201028190057.0 | ||
| 008 | 191225s2017 tu tur | ||
| 007 | cr cn | ||
| 020 | _a9786052118054 | ||
| 035 |
_a2347850 _b(N$T) |
||
| 050 | 0 | 4 |
_aQA76.76.A65 _bA39 2017 |
| 090 | 0 | 4 |
_aQA76.76.A65 _bA39 2017 |
| 100 | 1 | _aAkyol, Adem | |
| 245 | 1 | 0 |
_aApp inventor _h[electronic resource] / _cAdem Akyol ; yayına hazırlık Hüseyin Üstünel, Barış Elitoğ, Eray Küçük |
| 250 | _a1. Baskı | ||
| 260 |
_aİstanbul : _bKODLAB Yayın Dağıtım, _c2017 |
||
| 300 | _a416 p. | ||
| 650 | 4 | _aMühendislik ve Teknoloji | |
| 650 | 4 | _aEngineering and Technology | |
| 650 | 0 | _aApp Inventor (Elektronik kaynak) | |
| 650 | 0 | _aApp Inventor (Electronic resource) | |
| 650 | 0 | _aMobil işlem | |
| 650 | 0 | _aMobile transaction | |
| 650 | 0 |
_aUygulama yazılımı _x Geliştirme |
|
| 650 | 0 |
_aApplication software _x Development |
|
| 650 | 7 |
_aCOMPUTERS / Internet / Web Services & APIs _2bisacsh |
|
| 700 | 1 | _aÜstünel, Hüseyin | |
| 700 | 1 | _aElitoğ, Barış | |
| 700 | 1 | _aKüçük, Eray | |
| 856 | 4 | 0 | _uhttp://search.ebscohost.com/login.aspx?direct=true&scope=site&db=e011xww&AN=2347850 |
| 999 |
_c21753 _d21753 |
||